SPC2000 (Record no. 110988)

MARC details
000 -LEADER
fixed length control field 00873cam a22002535a 4500
001 - CONTROL NUMBER
control field L150813
008 - FIXED-LENGTH DATA ELEMENTS--GENERAL INFORMATION
fixed length control field 100907s2008 xxk f 000 0 eng d
020 ## - INTERNATIONAL STANDARD BOOK NUMBER
International Standard Book Number 9781901171334
035 ## - SYSTEM CONTROL NUMBER
System control number (Sirsi) u150813
041 0# - LANGUAGE CODE
Language code of text/sound track or separate title eng
110 2# - MAIN ENTRY--CORPORATE NAME
Corporate name or jurisdiction name as entry element Association of Consultant Architects
9 (RLIN) 1156
245 00 - TITLE STATEMENT
Title SPC2000
Remainder of title ACA standard form of specialist contract for project partnering, amended 2008
260 ## - PUBLICATION, DISTRIBUTION, ETC.
Place of publication, distribution, etc. Bromley
Name of publisher, distributor, etc. ACA
Date of publication, distribution, etc. 2008
300 ## - PHYSICAL DESCRIPTION
Extent x, 42p.
Dimensions 30cm.
520 ## - SUMMARY, ETC.
Summary, etc. SPC2000 (amended 2008) is a specialist contract for project partnering. It should be used with PPC2000 (amended 2008), the ACA standard form of contract for project partnering.
590 ## - LOCAL NOTE (RLIN)
Local note KA
650 24 - SUBJECT ADDED ENTRY--TOPICAL TERM
Topical term or geographic name entry element SPC2000
651 #4 - SUBJECT ADDED ENTRY--GEOGRAPHIC NAME
Geographic name England and Wales
Chronological subdivision 1543-
690 ## - LOCAL SUBJECT ADDED ENTRY--TOPICAL TERM (OCLC, RLIN)
Topical term or geographic name as entry element BUILT ENVIRONMENT-BUILDING CONTRACT FORMS
700 1# - ADDED ENTRY--PERSONAL NAME
Personal name Mosey, David
700 1# - ADDED ENTRY--PERSONAL NAME
Personal name Morrish, Charles
942 ## - ADDED ENTRY ELEMENTS (KOHA)
Suppress in OPAC 0
Holdings
Withdrawn status Lost status Source of classification or shelving scheme Damaged status Not for loan Home library Current library Shelving location Date acquired Cost, normal purchase price Total Checkouts Full call number Barcode Date last seen Copy number Cost, replacement price Price effective from Koha item type
    Dewey Decimal Classification     London London Basement 26/10/2010 17.00   BASEMENT 30075499 06/08/2019 1 17.00 06/08/2019 Book